000 00997cam a2200337 i 4500
001 18138824
005 20250416171608.0
008 140505s2011 enkab b 001 0 eng
010 _a 2014395001
020 _a9780752459158
041 _aeng
042 _apcc
043 _ae-fr---
082 0 0 _a940.5421 BAD
100 1 _aBadsey, Stephen.
245 1 0 _aD Day Omaha Beach
250 _a[2011 edition].
260 _aUK
_bThe History Press
_c2011
264 1 _aStroud, Gloucestershire :
_bThe History Press,
_c2011.
300 _a192 pages : 24 cm
336 _atext
_btxt
_2rdacontent
337 _aunmediated
_bn
_2rdamedia
338 _avolume
_bnc
_2rdacarrier
504 _aIncludes bibliographical references (pages 187-189) and index.
650 0 _aOperation Neptune.
650 0 _aWorld War, 1939-1945
700 1 _aBean, Tim.
906 _a7
_bcbc
_corignew
_d2
_encip
_f20
_gy-gencatlg
942 _cBK
999 _c43543
_d43543